Quizzes
Events
Quiz Creation
Community
Videos
Private Events
Remove Ads
Sign In
Join for FREE
Feedback
Dark Mode
Quiz Categories
Sports
Geography
Music
Movies
Television
Just For Fun
Miscellaneous
History
Literature
Language
Science
Gaming
Entertainment
Religion
Holiday
For Kids
Quiz Lab
Recent
Popular Today
Quiz Kudos Today
Editor Picks
Curator Picks
Quizzes by...
Day
Popularity
Type
Ratings
Length
Year
Community
Subscriptions
Recent Discussions
Orange Saloon
Badges
Playlists
Quests
Create
Leaderboards
Showdown
Live 5
Trivia Bingo
Activity
Puzzle Library
Sporcle Events
Private Events
Virtual Trivia
Globe League
Become a Host
Pub Owners
SporcleCon
Opinionation
Our Games
Videos
Blog
Mobile Apps
Partnerships
Remove Ads and Go Orange
Feedback
Sports
Athletes
MLB
NBA
NHL
NFL
Soccer
Sports Teams
WWE
NCAA
Football
Premier League
Basketball
Baseball
Hockey
Golf
Tennis
Cricket
Rugby
Auto Racing
Olympics
World Cup
Sports
Athletes
MLB
NBA
NHL
NFL
Soccer
Sports Teams
WWE
NCAA
Football
Premier League
Basketball
Baseball
Hockey
Golf
Tennis
Cricket
Rugby
Auto Racing
Olympics
World Cup
Random Quiz
Search Sporcle
×
Quiz Lab
Quiz Lab
Sports
WWE
Type in answers that appear in a list
Type in answers that appear in a list
Classic
Best Score? Go Orange.
WWE Pay-Per-View Title Matches 2011 Stats
Can you name the participants in the WWE PPV title matches of 2011?
By
ekedolphin
10m
135 Questions
310 Plays
310 Plays
310 Plays
Comments
Comments
Give Quiz Kudos
Give Quiz Kudos
-
- Ratings
hide this ad
Replay
Link that replays current quiz
Next Quiz
Link to next quiz in quiz playlist
You Got
0%
They Got
Avg Score
88%
Avg Friend Score
Upgrade to see
Score Distribution
Jump to the score distribution portion of the page
Score
0/135
Timer
10:00
0
Plays Today
% Correct
John Cena
98.7%
John Cena
98.7%
John Cena
98.7%
John Cena
98.7%
John Cena
98.7%
John Cena
98.7%
John Cena
98.7%
John Cena
98.7%
John Cena
98.7%
CM Punk
97.4%
CM Punk
97.4%
CM Punk
97.4%
CM Punk
97.4%
CM Punk
97.4%
CM Punk
97.4%
CM Punk
97.4%
Randy Orton
97.1%
Randy Orton
97.1%
Randy Orton
97.1%
Randy Orton
97.1%
Randy Orton
97.1%
Randy Orton
97.1%
Randy Orton
97.1%
The Miz
96.5%
Kane
96.5%
The Miz
96.5%
The Miz
96.5%
Kane
96.5%
The Miz
96.5%
Kane
96.5%
The Miz
96.5%
The Miz
96.5%
The Miz
96.5%
Alberto Del Rio
95.8%
Alberto Del Rio
95.8%
Alberto Del Rio
95.8%
Alberto Del Rio
95.8%
Alberto Del Rio
95.8%
Alberto Del Rio
95.8%
Alberto Del Rio
95.8%
Alberto Del Rio
95.8%
Edge
95.2%
Edge
95.2%
Edge
95.2%
Dolph Ziggler
94.8%
% Correct
The Big Show
94.8%
Kofi Kingston
94.8%
The Big Show
94.8%
The Big Show
94.8%
Kofi Kingston
94.8%
Dolph Ziggler
94.8%
Kofi Kingston
94.8%
Dolph Ziggler
94.8%
Kofi Kingston
94.8%
Dolph Ziggler
94.8%
Kofi Kingston
94.8%
Dolph Ziggler
94.8%
Dolph Ziggler
94.8%
The Big Show
94.8%
Dolph Ziggler
94.8%
The Big Show
94.8%
Dolph Ziggler
94.8%
Kofi Kingston
94.8%
The Big Show
94.8%
The Big Show
94.8%
Christian
94.2%
Christian
94.2%
Christian
94.2%
Christian
94.2%
Christian
94.2%
Daniel Bryan
92.3%
Mark Henry
91.6%
Mark Henry
91.6%
Mark Henry
91.6%
Mark Henry
91.6%
Mark Henry
91.6%
Sheamus
90.6%
Wade Barrett
90%
Wade Barrett
90%
Wade Barrett
90%
Wade Barrett
90%
R-Truth
90%
R-Truth
90%
Beth Phoenix
88.4%
Cody Rhodes
88.4%
Beth Phoenix
88.4%
Cody Rhodes
88.4%
Beth Phoenix
88.4%
Beth Phoenix
88.4%
Beth Phoenix
88.4%
% Correct
Beth Phoenix
88.4%
Cody Rhodes
88.4%
Jack Swagger
87.4%
Jack Swagger
87.4%
Jack Swagger
87.4%
Rey Mysterio
87.1%
Eve Torres
86.8%
Eve Torres
86.8%
Eve Torres
86.8%
John Morrison
85.8%
John Morrison
85.8%
John Morrison
85.8%
John Morrison
85.8%
Layla
83.5%
Evan Bourne
83.2%
Evan Bourne
83.2%
Evan Bourne
83.2%
Evan Bourne
83.2%
Heath Slater
79.7%
Kelly Kelly
79.7%
Kelly Kelly
79.7%
Kelly Kelly
79.7%
Kelly Kelly
79.7%
Kelly Kelly
79.7%
Kelly Kelly
79.7%
Natalya
79%
Justin Gabriel
79%
Michelle McCool
78.7%
Santino Marella
77.1%
Jerry Lawler
76.1%
Brie Bella
76.1%
Brie Bella
76.1%
Ezekiel Jackson
75.8%
Ezekiel Jackson
75.8%
Ezekiel Jackson
75.8%
Zack Ryder
75.2%
Zack Ryder
75.2%
Ted DiBiase
72.9%
Primo
61.6%
Epico
61%
Drew McIntyre
59%
Mason Ryan
58.7%
Booker T
55.8%
Alex Riley
47.7%
Vladimir Kozlov
38.7%
Quiz Playlist
Details
Report
Send in Message
Add To Playlist
Classic:
Type in answers that appear in a list
Last Updated: Feb 16, 2017
Quiz Scoreboard
CHALLENGE
Sign Up to Join the Scoreboard
Show All
Scores
Hide
Comments
May contain spoilers
Recently Published
College Basketball Coaching Resumes
by pancakes188
Sports
9m
Billboard Blitz: Fleetwood Mac
by CooCooCachoo
Music
15s
Presidents Visiting Landmarks
by Hejman
History
7m
More to Explore
Quiz From the Vault
Featured Blog Post
Where Did the Easter Bunny Come From?
hide this ad
You Might Also Like...
Tags
WWE Quiz
2011
Matching
participant
Pay-per-view
PPV
Today's Top Quizzes in Sports
Browse Sports
hide this ad
Today's Top Quizzes in WWE
Browse WWE
Top Contributed Quizzes in Sports
1
2022 World Cup Stars
2
Les meilleurs buteurs des matchs entre le PSG et l’OM
3
FIFA Club World Cup Champions
4
Les entraîneurs de l'OM et du PSG au 21e siècle
5
Criteria MLB: Left Handed Sluggers
6
AFC Teams Reveal (Wrong Answers Minefield)
7
5-to-1: UK Sports Teams
8
5-to-1: FBS Animal Nicknames
9
2023 MLB Unique Player Accomplishments
10
Name the Premier League winners with different clubs
Explore More
Trending Topics
Kpop
Harry Potter
Marvel
Anime
NBA
Crossword
Disney
WWE
The Office
NFL
Song
Soccer
Puzzle
Country
Pokémon
hide this ad
More By:
ekedolphin
Quiz
Plays
Rating
Category
Featured
Created
Follow That Line: Who Framed Roger Rabbit
3,465
4.74
Movies
Jan 17, 2013
Follow That Line: Batman Films
3,181
4.86
Movies
Jan 18, 2013
Name the Power Rangers
1,454
5.00
Television
Jan 1, 2013
Indiana Pacers Starters, 1990-2010
1,160
4.60
Sports
Oct 17, 2010
Star Trek: Deep Space Nine Episodes
1,042
5.00
Television
Mar 9, 2010
Go to Creator's Profile
Score Distribution
Quiz Creator Spotlight
ekedolphin
Follow
Send a Message
Quizzes Created
-
Created Quiz Play Count
-
More By This Creator
Popular Quizzes Today
1
Find the US States - No Outlines Minefield
2
Find the Countries of Europe - No Outlines Minefield
3
The Countries of the World
4
Find the US States
5
Risky Map Clicking: Biggest States A-Z
6
US States
7
Popular People in 1961
8
Movies - When Are They Set?
More Sports Quizzes
Champions League Winners by Letter
Quiz Lab
Trending Quizzes
Risky Map Clicking: Least Populous States A-Z
1-10 Letter G Words
1-10 Letter F Words
Risky Map Clicking: Next State Alphabetically
Risky Map Clicking: Biggest States A-Z
Recently Updated
Leaping Animals
pecheneg
Reality TV Shows (A-Z)
bhenderson79
Rickey Henderson's Hall of Fame Teammates
pecheneg
Champions League XIs: Arsenal
pecheneg
Quick Pick: Celebrities in WWE's Hall of Fame
aduchscher
A-Z Keypad Blitz II
pecheneg
Multiple Oscar Actors
pecheneg
Mystery Phrase Blitz: Oscar 'Best Actors'
pecheneg
F. Scott Fitzgerald Novels
LTH
Pick 3 Villains
ddd62291
Trending Topics
Anime
Crossword
Kpop
Marvel
Disney
Harry Potter
NBA
Puzzle
Song
NFL
Country
Pokémon
WWE
Soccer
The Office
Your Account Isn't Verified!
In order to create a playlist on Sporcle, you need to verify the email address you used during registration. Go to your
Sporcle Settings
to finish the process.
Report this User
Report this user for behavior that violates our
Community Guidelines
.
Details:
Send Report
Go to the Sporcle.com Mobile Site →
Comments